Exámen de los sucesos y circunstancias que motivaron el Compromiso de Caspe y juicio crítico de este acontecimiento y de sus consecuencias en Aragón y en Castilla / (Record no. 156238)

MARC details
000 -LEADER
campo de control de longitud fija 01467nam a2200277 i 4500
001 - NÚMERO DE CONTROL
campo de control 156238
003 - IDENTIFICADOR DE NÚMERO DE CONTROL
campo de control ES-MaACL
005 - FECHA Y HORA DE LA ÚLTIMA TRANSACCIÓN
campo de control 20250824063048.0
008 - DATOS DE LONGITUD FIJA--INFORMACIÓN GENERAL
campo de control de longitud fija 940202s1855 sp a |||| | spa d
040 ## - FUENTE DE CATALOGACIÓN
Centro catalogador/agencia de origen AS
Lengua de catalogación spa
080 ## - NÚMERO DE LA CLASIFICACIÓN DECIMAL UNIVERSAL
Número de la Clasificación Decimal Universal 946.022"14"
100 1# - ENTRADA PRINCIPAL--NOMBRE DE PERSONA
Nombre de persona Janer, Florencio,
Fechas asociadas al nombre 1831-1877
9 (RLIN) 66005
245 10 - MENCIÓN DEL TÍTULO
Título Exámen de los sucesos y circunstancias que motivaron el Compromiso de Caspe y juicio crítico de este acontecimiento y de sus consecuencias en Aragón y en Castilla /
Mención de responsabilidad, etc. su autor Florencio Janer.
260 ## - PUBLICACIÓN, DISTRIBUCIÓN, ETC.
Lugar de publicación, distribución, etc. Madrid :
Nombre del editor, distribuidor, etc. [Real Academia de la Historia],
Fecha de publicación, distribución, etc. 1855 (
Fabricante Imprenta de la Real Academia de la Historia por los Señores Matute y Compagni)
300 ## - DESCRIPCIÓN FÍSICA
Extensión 189 p., [2] h. de lám. ;
Dimensiones 28 cm.
500 ## - NOTA GENERAL
Nota general Obra laureada con el accesit, único premio adjudicado sobre este asunto por la Real Academia de la Historia en el concurso de 1855.
599 ## - NOTA A LAS ILUSTRACIONES
NOTA A LAS ILUSTRACIONES La h. de lam. es lit. de los sellos reales estados en Aragon durante el reinado de D. Martín el Humano.
599 ## - NOTA A LAS ILUSTRACIONES
NOTA A LAS ILUSTRACIONES La h. pleg. es lit. de la firma de varios personajes de la h. del Compromiso de Caspe.
630 04 - PUNTO DE ACCESO ADICIONAL DE MATERIA--TÍTULO UNIFORME
Título uniforme Compromiso de Caspe, 1412.
9 (RLIN) 140292
650 #4 - PUNTO DE ACCESO ADICIONAL DE MATERIA--TÉRMINO DE MATERIA
Término de materia o nombre geográfico como elemento de entrada Aragón (Reino)-
Subdivisión general Historia-
Subdivisión cronológica 1410-1414.
9 (RLIN) 135592
710 2# - ENTRADA AGREGADA--NOMBRE DE ENTIDAD CORPORATIVA
Nombre de entidad corporativa o nombre de jurisdicción como elemento de entrada Real Academia de la Historia (España)
9 (RLIN) 6309
740 0# - ENTRADA AGREGADA--TÍTULO RELACIONADO/ANALÍTICO NO CONTROLADO
Título relacionado o analítico no controlado Compromiso de Caspe.
852 ## - LOCALIZACIÓN
Ubicación ES-MaACL
Número de control de estantería F-2085(1)
Nota libre -- Enc. pasta española
852 ## - LOCALIZACIÓN
Ubicación ES-MaACL
Número de control de estantería T-1457-F-1
Nota libre -- Enc. hol., conservando la enc. editorial
Holdings
Estatus retirado Estado de pérdida Estado de daño No para préstamo Colección Biblioteca de origen Biblioteca actual Ubicación en estantería Fecha de adquisición Total de préstamos Signatura topográfica completa Código de barras Visto por última vez Precio de reemplazo Tipo de ítem Koha Fuente de adquisición
        Colección de folletos Biblioteca del Ateneo de Madrid Biblioteca del Ateneo de Madrid Depósito folletos 17/01/2008   T-1457-F-1 1163457 23/02/2023 23/02/2023 Folleto  
        Libros del s. XIX Biblioteca del Ateneo de Madrid Biblioteca del Ateneo de Madrid Depósito 2 17/01/2008   F-2085(1) 1163456 23/02/2023 23/02/2023 Libro impreso antiguo